| 000 | 01495nam a2200421 a 4500 | ||
|---|---|---|---|
| 001 | 22326 | ||
| 003 | VRT | ||
| 005 | 20260326135236.0 | ||
| 008 | 240314s2007 xo a b 000 j slo | ||
| 015 | _aSNBA2007/09-04470 | ||
| 020 |
_a9788089246465 _q(viaz.) |
||
| 035 | _aD5A995E4-73BD-41B3-927F-436F3299EDF1 | ||
| 035 | _aurn:nbn:sk:snk-amjv94 | ||
| 035 | _aurn:nbn:sk:snk-am007yut | ||
| 039 | 9 |
_a202403141050 _bVLOAD _c201511121633 _dVLOAD _c201507071532 _dVLOAD _c200710221545 _dmsnk38 |
|
| 040 |
_aSNK _bslo _cSNK _eAACR2 |
||
| 041 | 1 |
_aslo _hger |
|
| 044 |
_axo _cSK |
||
| 072 | 7 |
_a821-93 _xLiteratúra pre deti a mládež _2konspekt |
|
| 080 |
_a821-93 _22001 |
||
| 080 |
_a(0:82-32) _22001 |
||
| 100 | 1 |
_aHaderlein, Ute _4aut |
|
| 240 | 1 | 4 |
_aDie schönster Tiergeschichten _lSlovensky |
| 245 | 1 | 0 |
_aPrvé čítanie o zvieratkách s veľkými písmenami _ctext Ute Haderlein ; ilustroval Bob Bampton ; [z nemeckého vydania preložila Lucia Tkáčiková] |
| 250 | _a1. vyd. | ||
| 260 |
_aBratislava _bSvojtka & Co. _c2007 |
||
| 300 |
_a85 s. _bfareb. ilustr. _c27 cm |
||
| 655 | 7 |
_apublikácie pre deti _2SNKPH |
|
| 655 | 7 |
_apríbehy _2SNKPH |
|
| 700 | 1 |
_aBampton, Bob _4ill |
|
| 700 | 1 |
_aTkáčiková, Lucia _4trl |
|
| 942 |
_2ddc _cKLDE _n0 |
||
| 949 |
_617A0561243 _asnkSB 74897 _bsnk2007/20109 _o1962/07 _s6100:20140925 |
||
| 949 |
_6273K0465031 _asvkpoC 47821 _bsvkpo496179 |
||
| 949 |
_617A0561244 _asnkSB 74897 D1 _bsnk2007/20110 _o1962/07 |
||
| 980 | _a821-93 | ||
| 980 | _a821-32 | ||
| 999 |
_c22326 _d22326 |
||